<?xml version="1.0" encoding="UTF-8"?>
<collection xmlns:xsi="http://www.w3.org/2001/XMLSchema-instance" xsi:schemaLocation="http://www.loc.gov/MARC21/slim http://www.loc.gov/standards/marcxml/schema/MARC21slim.xsd" xmlns="http://www.loc.gov/MARC21/slim">
 <record>
  <leader>00000ctm a22000003a 4500</leader>
  <controlfield tag="001">UP-99796217610426061</controlfield>
  <controlfield tag="003">Buklod</controlfield>
  <controlfield tag="005">20120724102328.0</controlfield>
  <controlfield tag="006">m    |o  d |      </controlfield>
  <controlfield tag="007">ta</controlfield>
  <controlfield tag="008">120724s2012    xx     d     r    |||| u|</controlfield>
  <datafield tag="035" ind1=" " ind2=" ">
   <subfield code="a">(iLib)UPD-00187106071</subfield>
  </datafield>
  <datafield tag="040" ind1=" " ind2=" ">
   <subfield code="a">DMC</subfield>
  </datafield>
  <datafield tag="041" ind1=" " ind2=" ">
   <subfield code="a">eng</subfield>
  </datafield>
  <datafield tag="090" ind1=" " ind2=" ">
   <subfield code="a">LG 993.5 2012 M3 T67</subfield>
  </datafield>
  <datafield tag="100" ind1="0" ind2=" ">
   <subfield code="a">Toraja, Marymize Famke Basmayor</subfield>
   <subfield code="d">1991-</subfield>
  </datafield>
  <datafield tag="245" ind1="0" ind2="0">
   <subfield code="a">Strangled citizens</subfield>
   <subfield code="b">an exploratory study on the empowerment of citizen journalists</subfield>
   <subfield code="c">Marymize Famke Basmayor Toraja; Josefina MC Santos, adviser.</subfield>
  </datafield>
  <datafield tag="264" ind1=" " ind2="1">
   <subfield code="c">2012.</subfield>
  </datafield>
  <datafield tag="300" ind1=" " ind2=" ">
   <subfield code="a">xii, 78 leaves</subfield>
  </datafield>
  <datafield tag="500" ind1=" " ind2=" ">
   <subfield code="a">Vita.</subfield>
  </datafield>
  <datafield tag="502" ind1=" " ind2=" ">
   <subfield code="a">Undergraduate thesis (A.B. Broadcast Communication)--University of the Philippines, Diliman.</subfield>
  </datafield>
  <datafield tag="520" ind1="3" ind2=" ">
   <subfield code="a">&quot;Nowadays, a growing number of people around the globe are accessing the Internet for various reasons. Through the years the Internet has played a major role in changing and improving the way people communicate. With the flourishing of the Internet, people could post anything on the Web which leads to the concept of empowerment in terms of expressing themselves online. At the present time, media practitioners are not the sole sources of news since people who were consumers of news then can now make and report news themselves. This thesis explores citizen journalism (on the Internet) in the Philippines setting. To provide a better understanding of the phenomenon, this research delved on comparing the citizen journalism practice in the Philippines to the global practice. A comparative analysis of GMA 7's Youscoop and OhmyNews, which is considered as pioneer in citizen journalism, is included in this research. Employing Hamelink's concept of Empowerment, Political Economy Approach, theories such as Expectancy-Value, Framing, Gatekeeping, Systems and Star, the researcher found out that empowered citizens journalists get disempowered. Due to the commercial character of the network and news making process, citizens get strangled. The mass becomes voiceless.&quot;</subfield>
  </datafield>
  <datafield tag="650" ind1=" " ind2="0">
   <subfield code="a">Citizen journalism.</subfield>
  </datafield>
  <datafield tag="650" ind1=" " ind2="0">
   <subfield code="a">Online journalism</subfield>
   <subfield code="z">Philippines.</subfield>
  </datafield>
  <datafield tag="700" ind1="1" ind2=" ">
   <subfield code="a">Santos, Josefina MC.</subfield>
   <subfield code="e">adviser.</subfield>
  </datafield>
  <datafield tag="905" ind1=" " ind2=" ">
   <subfield code="a">FI</subfield>
  </datafield>
  <datafield tag="852" ind1="0" ind2=" ">
   <subfield code="a">UPD</subfield>
   <subfield code="b">DMC</subfield>
   <subfield code="h">LG 993.5 2012 M3 T67</subfield>
  </datafield>
  <datafield tag="942" ind1=" " ind2=" ">
   <subfield code="a">Thesis</subfield>
  </datafield>
 </record>
</collection>
